Ciencia de la Administración

保存先:
書誌詳細
第一著者: Bielsa, Rafael
フォーマット: 図書
言語:スペイン語
出版事項: Buenos Aires Depalma 1955
版:Segunda edición
主題:
タグ: タグ追加
タグなし, このレコードへの初めてのタグを付けませんか!

MARC

LEADER 00000nam a2200000 a 4500
001 UCS0708
003 CL-VaPUC
005 20230525074423.0
008 970426e19550000AG |||||||||||||||||spa|d
999 |c 258925  |d 258923 
040 |c Pontificia Universidad Católica de Valparaíso 
082 0 4 |a 342.06 BIE 1955  |2 21 
100 0 |a Bielsa, Rafael  |9 384515 
245 1 0 |a Ciencia de la Administración 
250 |a Segunda edición 
260 |a Buenos Aires  |b Depalma  |c 1955 
300 |a 622 páginas 
583 |a last modification  |c 19970426 00:00:00  |k Rodrigo Vera 
650 0 |a Derecho administrativo  |9 254851 
650 0 |a Servicios públicos  |9 328528 
650 7 |a ORGANIZACION ADMINISTRATIVA  |2 CL-VaPUC  |9 257438 
650 0 |a Función administrativa  |9 384495 
650 0 |a Seguridad nacional  |9 317752 
650 7 |a SEGURIDAD DEL ESTADO  |2 CL-VaPUC  |9 336838 
650 0 |a Seguridad social  |9 255322 
650 7 |a ORDEN SOCIAL  |2 CL-VaPUC  |9 384516 
942 |c BK  |2 ddc 
945 |d 19970426 00:00:00  |a lriquelm 
952 |0 0  |1 0  |2 ddc  |4 0  |6 342_060000000000000_BIE_1955  |7 0  |8 A  |9 283335  |a BIBDER  |b BIBDER  |d 2019-11-19  |i 1840509  |o 342.06 BIE 1955  |p 1840509  |r 2023-01-25  |t 1  |w 2019-11-19  |y BK  |k DER